| 000 | 00479nam a2200157Ia 4500 | ||
|---|---|---|---|
| 008 | 220217s9999 xx 000 0 und d | ||
| 100 | _aThomson Abraham | ||
| 245 | 0 | _aCharacterisation of tapping panel dryness (TPD) of Hevea brasiliensis in clone RRII 105 | |
| 260 |
_bMahatma Gandhi University _a Kottayam _c2014 |
||
| 300 | _a181 | ||
| 500 | _aCourse: PhD | ||
| 500 | _aT205 | ||
| 700 | _aDr C Kuruvilla Jacob | ||
| 850 | _aRubber Research Institute of india | ||
| 942 | _cTS | ||
| 999 |
_c74568 _d74568 |
||